[Event "2nd Dos Hermanas it"]
[Site "Dos Hermanas ESP"]
[Date "1990.??.??"]
[Round "7"]
[White "Montecatine Rios, Ricardo"]
[Black "Eslon, Jaan"]
[Result "1/2-1/2"]
[WhiteElo "2300"]
[BlackElo "2360"]
[EventDate "1990.??.??"]
[PlyCount "134"]

1.d4 Nf6 2.c4 e6 3.Nf3 Bb4+ 4.Nbd2 d5 5.Qa4+ Nc6 6.a3 Be7 7.e3 O-O 8.Bd3 
a5 9.O-O Bd7 10.Qc2 a4 11.e4 dxe4 12.Nxe4 Nxe4 13.Bxe4 f5 14.Bd3 Na5 15.
Bf4 Nb3 16.Rad1 Bd6 17.Bg5 Be7 18.Bxe7 Qxe7 19.Rfe1 Qf6 20.c5 Bc6 21.Bc4 
Be4 22.Qc3 Na5 23.Bb5 Nc6 24.Ne5 Nxe5 25.dxe5 Qg6 26.f3 Bd5 27.Rd4 Bb3 28.
Bc4 Bxc4 29.Qxc4 Qe8 30.c6 bxc6 31.Rc1 c5 32.Qxc5 Rd8 33.Rcd1 Rxd4 34.Rxd4
f4 35.Qxc7 h6 36.Qc2 Qb8 37.Rxa4 Rc8 38.Rc4 Rd8 39.Rxf4 Qb6+ 40.Kf1 Qb5+ 
41.Qe2 Rd1+ 42.Kf2 Qb6+ 43.Kg3 Qd8 44.h4 Rd2 45.Qa6 Qe8 46.Rg4 h5 47.Rg5 
Rxb2 48.Kh3 Rd2 49.g4 hxg4+ 50.Rxg4 Rd5 51.Qc4 Qd7 52.Qf4 Qb5 53.Qg3 Rd7 
54.a4 Qb1 55.Rg5 Qh1+ 56.Kg4 Kh7 57.Rh5+ Kg8 58.Rg5 Kh7 59.Kh5 Rf7 60.Qg4 
Kh8 61.Qe4 Qxf3+ 62.Qxf3 Rxf3 63.Kg6 Kg8 64.Rg2 Ra3 65.Rb2 Rg3+ 66.Kh5 Kh7
67.Rb7 Re3 1/2-1/2

[Event "2nd Dos Hermanas it"]
[Site "Dos Hermanas ESP"]
[Date "1990.??.??"]
[Round "7"]
[White "Niehus, Eduard"]
[Black "Palacios de la Prida, Ernesto"]
[Result "0-1"]
[WhiteElo "2200"]
[BlackElo "2285"]
[EventDate "1990.??.??"]
[PlyCount "42"]

1.e4 g6 2.d4 Bg7 3.Nc3 d6 4.f4 c5 5.Nf3 cxd4 6.Nxd4 Nc6 7.Be3 Nf6 8.Be2 
O-O 9.h3 Qb6 10.Qd3 Nxe4 11.Nb3 Qb4 12.O-O Nxc3 13.bxc3 Qxc3 14.Rab1 Qxd3 
15.cxd3 Nb4 16.Nd4 Nd5 17.Nc2 Nxe3 18.Nxe3 Bd4 19.Kf2 e5 20.Kf3 b6 21.Ng4 
f5 0-1

[Event "2nd Dos Hermanas it"]
[Site "Dos Hermanas ESP"]
[Date "1990.??.??"]
[Round "7"]
[White "Popovic, Petar"]
[Black "Hidalgo Mateos, Juan Jose"]
[Result "1/2-1/2"]
[WhiteElo "2520"]
[BlackElo "2275"]
[EventDate "1990.??.??"]
[PlyCount "68"]

1.e4 d6 2.d4 Nf6 3.Nc3 g6 4.g3 Bg7 5.Bg2 O-O 6.Nge2 Nc6 7.d5 Ne5 8.O-O c6 
9.h3 cxd5 10.exd5 a6 11.a4 Qc7 12.Ra2 b6 13.Be3 Bb7 14.f4 Ned7 15.Bf2 Rac8
16.g4 Qc4 17.b3 Qc7 18.g5 Nh5 19.Ne4 Nc5 20.N4g3 Nxg3 21.Nxg3 b5 22.axb5 
axb5 23.Qe2 Rb8 24.Kh1 b4 25.Re1 Rfe8 26.Qd1 Bc3 27.Rf1 Ba6 28.Rg1 Bb7 29.
Bd4 Nd7 30.Bxc3 Qxc3 31.Ne4 Qe3 32.Ra4 Bc8 33.Rf1 Nc5 34.Re1 Nxe4 1/2-1/2

[Event "2nd Dos Hermanas it"]
[Site "Dos Hermanas ESP"]
[Date "1990.??.??"]
[Round "8"]
[White "Bass, Leonid"]
[Black "Jimenez Romero, Jose"]
[Result "1-0"]
[WhiteElo "2485"]
[BlackElo "2200"]
[EventDate "1990.??.??"]
[PlyCount "72"]

1.d4 Nf6 2.c4 d6 3.Nf3 Nbd7 4.Nc3 e5 5.e4 Be7 6.Be2 O-O 7.O-O c6 8.Re1 Re8
9.Rb1 a6 10.b4 b5 11.a3 Bb7 12.Bb2 Bf8 13.Bf1 Rc8 14.dxe5 dxe5 15.Qb3 Qe7 
16.Rbd1 h6 17.c5 Qe6 18.Qc2 Nh7 19.Ne2 Rcd8 20.Ng3 g6 21.Rd2 Be7 22.Red1 
f6 23.Nf5 Ndf8 24.Rxd8 Rxd8 25.Nxh6+ Kg7 26.Rxd8 Bxd8 27.h3 Ng5 28.Nxg5 
fxg5 29.Ng4 Bc7 30.Qc3 Nd7 31.Be2 Bc8 32.Bd1 Kf8 33.Bb3 Qe7 34.Bc1 Ke8 35.
Qf3 Bd8 36.Bxg5 Qf8 1-0

[Event "2nd Dos Hermanas it"]
[Site "Dos Hermanas ESP"]
[Date "1990.??.??"]
[Round "8"]
[White "Hidalgo Mateos, Juan Jose"]
[Black "Eslon, Jaan"]
[Result "0-1"]
[WhiteElo "2275"]
[BlackElo "2360"]
[EventDate "1990.??.??"]
[PlyCount "86"]

1.e4 e5 2.Nf3 Nc6 3.Bb5 a6 4.Ba4 d6 5.d4 b5 6.Bb3 Nxd4 7.Nxd4 exd4 8.c3 
Bb7 9.O-O dxc3 10.Nxc3 Nf6 11.a4 b4 12.Nd5 a5 13.Be3 Nxd5 14.exd5 Be7 15.
Bd4 O-O 16.Rc1 Rc8 17.Qd3 c5 18.dxc6 Rxc6 19.Rxc6 Bxc6 20.Qa6 Qd7 21.h3 
Bxa4 22.Bxa4 Qxa4 23.Re1 Qd7 24.Qxa5 d5 25.Rd1 Qb7 26.Qb6 Qxb6 27.Bxb6 Rb8
28.Bd4 f6 29.Rc1 Rb7 30.Kf1 Kf7 31.Ke2 Bd6 32.Kd3 b3 33.Rc6 Be5 34.Ra6 h5 
35.Rc6 h4 36.Rc8 Ke6 37.Rc6+ Kd7 38.Rc5 Kd6 39.Rc8 g5 40.Rd8+ Ke6 41.Rc8 
Rb4 42.Bc3 Rf4 43.Ke2 Rc4 0-1

[Event "2nd Dos Hermanas it"]
[Site "Dos Hermanas ESP"]
[Date "1990.??.??"]
[Round "8"]
[White "Palacios de la Prida, Ernesto"]
[Black "Montecatine Rios, Ricardo"]
[Result "1/2-1/2"]
[WhiteElo "2285"]
[BlackElo "2300"]
[EventDate "1990.??.??"]
[PlyCount "59"]

1.Nf3 Nf6 2.b3 c5 3.Bb2 e6 4.e3 Be7 5.d4 O-O 6.Bd3 b6 7.O-O Bb7 8.Nbd2 d5 
9.Ne5 Nc6 10.a3 g6 11.Qe2 Qc7 12.Nxc6 Qxc6 13.Nf3 Rac8 14.Ne5 Qc7 15.c4 
cxd4 16.exd4 dxc4 17.bxc4 Bd6 18.f4 Qe7 19.a4 Bb4 20.Rf2 Rc7 21.g4 Nd7 22.
g5 Nxe5 23.Qxe5 Qd6 24.h4 f6 25.Qe3 Qc6 26.Kh2 Rcf7 27.Raf1 Qd6 28.Kg3 Bc8
29.gxf6 Rxf6 30.Qe4 1/2-1/2

[Event "2nd Dos Hermanas it"]
[Site "Dos Hermanas ESP"]
[Date "1990.??.??"]
[Round "8"]
[White "Popovic, Petar"]
[Black "Hebden, Mark"]
[Result "1-0"]
[WhiteElo "2520"]
[BlackElo "2530"]
[EventDate "1990.??.??"]
[PlyCount "71"]

1.e4 e5 2.Nf3 Nc6 3.Bb5 a6 4.Ba4 Nf6 5.O-O Be7 6.Re1 b5 7.Bb3 O-O 8.c3 d6 
9.h3 a5 10.d4 a4 11.Bc2 Bd7 12.Na3 Qb8 13.Bg5 h6 14.Bh4 Rd8 15.Qe2 Ra5 16.
Rad1 Be8 17.Bd3 exd4 18.cxd4 b4 19.Nc4 Rh5 20.d5 Rxh4 21.Nxh4 Nd4 22.Qe3 
c5 23.dxc6 Nxc6 24.Nf5 Bf8 25.Bf1 Ne5 26.Qg3 Nh5 27.Qh4 f6 28.f4 Qa7+ 29.
Nfe3 Nd7 30.Qf2 Nc5 31.Nd5 g5 32.fxg5 hxg5 33.Be2 Bg7 34.Kh1 Qb7 35.Bxh5 
Bxh5 36.Nxf6+ 1-0

[Event "2nd Dos Hermanas it"]
[Site "Dos Hermanas ESP"]
[Date "1990.??.??"]
[Round "8"]
[White "Veingold, Aleksander"]
[Black "Niehus, Eduard"]
[Result "1/2-1/2"]
[WhiteElo "2435"]
[BlackElo "2200"]
[EventDate "1990.??.??"]
[PlyCount "126"]

1.d4 Nf6 2.Nf3 e6 3.g3 Be7 4.c4 d5 5.Bg2 O-O 6.O-O b6 7.cxd5 exd5 8.Nc3 
Bb7 9.Bf4 Ne4 10.Rc1 Nxc3 11.Rxc3 Bd6 12.Qc2 Na6 13.Qf5 Be7 14.Rd1 g6 15.
Qb1 c6 16.h4 Nc7 17.h5 Ne6 18.Bh6 Ng7 19.hxg6 fxg6 20.Ne5 Qd6 21.e4 Rac8 
22.exd5 cxd5 23.Re3 Rce8 24.Qd3 Bf6 25.Rde1 Bxe5 26.dxe5 Qe6 27.R3e2 Rf7 
28.Bxg7 Rxg7 29.Qd4 g5 30.Rd2 Rd8 31.Rc1 Rgd7 32.Bf3 Qg6 33.Bg4 Re7 34.
Rdc2 h5 35.Bc8 Qe4 36.Qxe4 dxe4 37.Bxb7 Rxb7 38.Re1 Rd4 39.Rce2 Rc7 40.b3 
Kf7 41.Rxe4 Rxe4 42.Rxe4 Ke6 43.Kg2 Kf5 44.Re1 Re7 45.Rh1 Rh7 46.Rd1 Kxe5 
47.Rd8 Kf5 48.a4 Rc7 49.Rd5+ Kg6 50.b4 Rc4 51.Rb5 h4 52.gxh4 Rxh4 53.a5 
bxa5 54.bxa5 Ra4 55.Rc5 Kh5 56.Kg3 Rg4+ 57.Kh3 Rf4 58.Kg3 Ra4 59.f3 Ra3 
60.Re5 Ra4 61.Rf5 Kg6 62.Rb5 Kh5 63.Rc5 Ra3 1/2-1/2

[Event "2nd Dos Hermanas it"]
[Site "Dos Hermanas ESP"]
[Date "1990.??.??"]
[Round "9"]
[White "Eslon, Jaan"]
[Black "Palacios de la Prida, Ernesto"]
[Result "0-1"]
[WhiteElo "2360"]
[BlackElo "2285"]
[EventDate "1990.??.??"]
[PlyCount "72"]

1.e4 g6 2.d4 Bg7 3.Nc3 d5 4.exd5 Nf6 5.Bc4 O-O 6.Nge2 c6 7.dxc6 Nxc6 8.O-O
Ne8 9.d5 Nd6 10.dxc6 Nxc4 11.b3 Nd6 12.cxb7 Bxb7 13.Bb2 Qd7 14.Na4 Qc6 15.
f3 e5 16.c4 Rfd8 17.Qc2 Nf5 18.Rfd1 Ne3 19.Rxd8+ Rxd8 20.Qe4 Qxe4 21.fxe4 
Bxe4 22.Nec3 Bc6 23.Bc1 Nxg2 24.Nd5 Bxd5 25.cxd5 e4 26.Rb1 Nh4 27.Be3 Rxd5
28.Bxa7 Rd2 29.b4 Nf3+ 30.Kf1 Rxa2 31.Be3 Nxh2+ 32.Ke1 Nf3+ 33.Kd1 Rxa4 
34.b5 Ra1 35.Rxa1 Bxa1 36.b6 Be5 0-1

[Event "2nd Dos Hermanas it"]
[Site "Dos Hermanas ESP"]
[Date "1990.??.??"]
[Round "9"]
[White "Hebden, Mark"]
[Black "Hidalgo Mateos, Juan Jose"]
[Result "1-0"]
[WhiteElo "2530"]
[BlackElo "2275"]
[EventDate "1990.??.??"]
[PlyCount "29"]

1.e4 d6 2.f4 g6 3.Nf3 Bg7 4.Nc3 c5 5.Bb5+ Nc6 6.Bxc6+ bxc6 7.d3 Nf6 8.O-O 
d5 9.Qe1 d4 10.Na4 Nd7 11.b3 Rb8 12.e5 Qc7 13.Ng5 e6 14.Ne4 Bf8 15.Bd2 1-0

[Event "2nd Dos Hermanas it"]
[Site "Dos Hermanas ESP"]
[Date "1990.??.??"]
[Round "9"]
[White "Jimenez Romero, Jose"]
[Black "Popovic, Petar"]
[Result "0-1"]
[WhiteElo "2200"]
[BlackElo "2520"]
[EventDate "1990.??.??"]
[PlyCount "76"]

1.Nf3 Nf6 2.g3 d5 3.Bg2 Bg4 4.d3 Nbd7 5.Nbd2 e5 6.O-O c6 7.b3 Bd6 8.Bb2 
O-O 9.c4 Re8 10.Re1 h6 11.e4 Nc5 12.Qc2 dxe4 13.dxe4 a5 14.a3 Ncd7 15.Nf1 
Qb6 16.Ne3 Bxf3 17.Bxf3 Nc5 18.Nf5 Bf8 19.Re3 g6 20.Nh4 h5 21.Rb1 Nfd7 22.
Rd1 Rad8 23.Bc1 Ne6 24.Red3 Nd4 25.Be3 Bc5 26.Qb1 Nf8 27.Bxd4 Bxd4 28.Qc2 
Ne6 29.Bg2 Nc5 30.R3d2 Nxb3 31.Rb1 a4 32.Nf3 Qc5 33.Rdd1 Qxa3 34.Nd2 Nc5 
35.Kf1 Qc3 36.Qa2 Qd3+ 37.Ke1 Bc3 38.Bf1 Qxe4+ 0-1

[Event "2nd Dos Hermanas it"]
[Site "Dos Hermanas ESP"]
[Date "1990.??.??"]
[Round "9"]
[White "Montecatine Rios, Ricardo"]
[Black "Veingold, Aleksander"]
[Result "1/2-1/2"]
[WhiteElo "2300"]
[BlackElo "2435"]
[EventDate "1990.??.??"]
[PlyCount "21"]

1.d4 Nf6 2.c4 e6 3.Nc3 Bb4 4.Qc2 O-O 5.a3 Bxc3+ 6.Qxc3 b6 7.Bg5 Bb7 8.f3 
h6 9.Bh4 d5 10.e3 Nbd7 11.Nh3 1/2-1/2

[Event "2nd Dos Hermanas it"]
[Site "Dos Hermanas ESP"]
[Date "1990.??.??"]
[Round "9"]
[White "Niehus, Eduard"]
[Black "Bass, Leonid"]
[Result "0-1"]
[WhiteElo "2200"]
[BlackElo "2485"]
[EventDate "1990.??.??"]
[PlyCount "128"]

1.d4 Nf6 2.c4 g6 3.Nc3 Bg7 4.e4 d6 5.f3 O-O 6.Be3 c5 7.dxc5 dxc5 8.Nge2 
Nfd7 9.Qc2 Nc6 10.O-O-O Qa5 11.Qa4 Qxa4 12.Nxa4 b6 13.f4 e5 14.g3 Nf6 15.
Nac3 Bg4 16.Bg2 Rfe8 17.Rd2 Bxe2 18.Rxe2 Ng4 19.h3 Nxe3 20.Rxe3 exf4 21.
gxf4 Bxc3 22.bxc3 Na5 23.Bf1 Re7 24.Bd3 Rd8 25.a4 Kg7 26.Kc2 Nb7 27.h4 h5 
28.Rg1 Kh6 29.Rg5 Rde8 30.Reg3 Nd8 31.f5 Rg8 32.Kd2 Nc6 33.fxg6 Rxg6 34.
Rxg6+ fxg6 35.Rg5 Ne5 36.Ke3 Kg7 37.Be2 Kf6 38.Rg1 Ke6 39.Rd1 Re8 40.Rd5 
Rg8 41.a5 Rg7 42.axb6 axb6 43.Rd1 g5 44.hxg5 Rxg5 45.Rb1 Nd7 46.Kf4 Rg8 
47.Bxh5 Rf8+ 48.Ke3 Kd6 49.Be2 Rh8 50.Rd1+ Ke7 51.Rd5 Rh4 52.e5 Ke6 53.
Rd6+ Ke7 54.Rd5 Nf8 55.Kf2 Nd7 56.e6 Kxe6 57.Kg3 Re4 58.Bd3 Re5 59.Rxe5+ 
Nxe5 60.Be2 Kf5 61.Kf2 Kf4 62.Ke1 Ke3 63.Kd1 Nd3 64.Bh5 Nf4 0-1